Začarovaný kruh rozvojovej pomoci - príčina rastúceho dlhového bremena rozvojových krajín?

Príčiny neustále narastajúceho dlhového bremena rozvojových krajin, determinanty opatrení na zníženie zadĺženosti rozvojových krajín a náčrt možností riešenia tejto nepriaznivej situácie v hospodárskej praxi.

Salvato in:
Dettagli Bibliografici
Autore principale: Lindtnerová, Klaudia
Natura: Capitolo di libro
Lingua:slovacco
Soggetti:
Tags: Aggiungi Tag
Nessun Tag, puoi essere il primo ad aggiungerne!!

MARC

LEADER 00000naa a2200000 4500
001 0177039
005 20240502073022.1
041 0 |a slo 
044 |a SK 
245 1 0 |a Začarovaný kruh rozvojovej pomoci - príčina rastúceho dlhového bremena rozvojových krajín?  |c Klaudia Lindtnerová 
520 |a Príčiny neustále narastajúceho dlhového bremena rozvojových krajin, determinanty opatrení na zníženie zadĺženosti rozvojových krajín a náčrt možností riešenia tejto nepriaznivej situácie v hospodárskej praxi. 
610 2 0 |a pomoc rozvojová 
610 2 0 |a krajiny rozvojové 
610 2 0 |a Svetová banka 
610 2 0 |a Medzinárodný menový fond 
610 2 0 |a dlhy 
610 2 0 |a kríza finančná 
100 1 |a Lindtnerová, Klaudia